Gares sur la ligne de Paris à Lille (via Laon) - Statistiques

Statistiques générales
  • Ce quiz a été pris 20 fois
  • Le résultat moyen est 26 sur 62
Statistiques - réponses
Département Gare % Correct
(02) Laon
73%
Nord (59) Lille-Flandres
73%
Paris (75) Paris-Nord
67%
(02) Soissons
67%
Seine-et-Marne (77) Dammartin - Juilly - Saint-Mard
60%
(02) Hirson
60%
(59) Valenciennes
60%
(59) Avesnes
53%
Oise (60) Crépy-en-Valois
53%
(59) Fretin
53%
(93) La Courneuve - Aubervilliers
53%
Seine-Saint-Denis (93) La Plaine - Stade-de-France
53%
(59) Lesquin
53%
(59) Mont-de-Terre
53%
(59) Orchies
53%
(59) Templeuve
53%
(02) Anizy - Pinon
47%
Nord (59) Anor
47%
(93) Aulnay-sous-Bois
47%
(59) Ennevelin
47%
(59) Fourmies
47%
(93) Le Bourget
47%
(77) Mitry-Claye
47%
(59) Saint-Amand-les-Eaux
47%
(93) Sevran - Livry
47%
(02) Villers-Cotterêts
47%
(59) Aulnoye-Aymeries
40%
(59) Avesnelles
40%
(77) Compans
40%
(93) Drancy
40%
Aisne (02) Hirson-Ecoles
40%
(59) Landas
40%
(93) Le Blanc-Mesnil
40%
Oise (60) Le Plessis-Belleville
40%
(59) Le Quesnoy (Nord)
40%
(02) Longpont
40%
(60) Nanteuil-le-Haudouin
40%
(59) Nomain
40%
(60) Ormoy-Villers
40%
(59) Rosult
40%
(77) Thieux - Nantouillet
40%
(02) Vauxaillon
40%
Seine-Saint-Denis (93) Vert-Galant
40%
Seine-et-Marne (77) Villeparisis - Mitry-le-Neuf
40%
(59) Dompierre
33%
(59) Le Poirier-Université
33%
(59) Sains-du-Nord
33%
(59) Saint-Hilaire
33%
Aisne (02) Vaumoise
33%
(02) Vierzy
33%
(59) Berlaimont
27%
(02) Corcy
27%
(02) Crouy
27%
(59) Leval
27%
(02) Marle-sur-Serre
27%
(02) Vervins
27%
(02) Barenton-Bugny
20%
(02) Dercy - Froidmont
20%
(02) La Bouteille
20%
(02) Verneuil-sur-Serre
20%
(02) Voyenne
20%
(02) Origny-en-Thiérarche
0%
Aucun quiz correspondant
Distribution des résultats
% des personnes avec chaque résultat
Percentile par nombre de réponses
Votre historique - résultats
Vous n’avez pas pris ce quiz